[Event "RSA-ch U18"]
[Site "Gauteng"]
[Date "2017.04.07"]
[Round "4"]
[White "Roos, Lucas"]
[Black "Scott, Timothy John"]
[Result "1-0"]
[WhiteElo "1767"]
[BlackElo "1277"]
[PlyCount "53"]
[EventDate "2017.04.05"]
[EventType "swiss"]
[EventRounds "11"]
[EventCountry "RSA"]
[SourceTitle "CBM 177 Extra"]
[Source "ChessBase"]
[SourceDate "2017.04.27"]
[SourceVersion "1"]
[SourceVersionDate "2017.04.27"]
[SourceQuality "1"]

1. e4 c5 2. Nc3 e6 3. Nge2 a6 4. d4 cxd4 5. Nxd4 b5 6. Be3 Be7 7. a3 Qc7 8. Bd3 Nf6 9. f4 d6 10. Qf3 Nbd7 11. g4 Nc5 12. g5 Nfd7 13. 0-0-0 Bb7 14. h4 Nxd3+ 15. Rxd3 Nc5 16. Rdd1 Rc8 17. Rh2 Qa5 18. Kb1 b4 19. axb4 Qxb4 20. f5 Nxe4 21. Nxe4 e5 22. f6 exd4 23. Bxd4 0-0 24. fxe7 Rfe8 25. Nf6+ Kh8 26. Qh5 h6 27. gxh6 1-0

[Event "RSA-ch U18"]
[Site "Gauteng"]
[Date "2017.04.05"]
[Round "1"]
[White "Scott, Timothy John"]
[Black "Smith, David2"]
[Result "0-1"]
[WhiteElo "1277"]
[BlackElo "1653"]
[PlyCount "63"]
[EventDate "2017.04.05"]
[EventType "swiss"]
[EventRounds "11"]
[EventCountry "RSA"]
[SourceTitle "CBM 177 Extra"]
[Source "ChessBase"]
[SourceDate "2017.04.27"]
[SourceVersion "1"]
[SourceVersionDate "2017.04.27"]
[SourceQuality "1"]

1. e4 e6 2. d4 d5 3. exd5 exd5 4. Bd3 Nf6 5. Nc3 c6 6. Nge2 Bg4 7. f3 Bh5 8. Bf4 Bd6 9. Qd2 Bg6 10. Bxg6 hxg6 11. Bxd6 Qxd6 12. Qf4 Qxf4 13. Nxf4 Nbd7 14. 0-0-0 0-0-0 15. Rde1 Rde8 16. Nd3 Kd8 17. h3 Nh5 18. Ne2 Re7 19. Nef4 Rxe1+ 20. Rxe1 Ng3 21. Ne5 Rf8 22. Nfd3 Nxe5 23. Nxe5 Nf5 24. c3 Nd6 25. b3 Re8 26. Kd2 g5 27. g4 Rh8 28. Rh1 f6 29. Nd3 b6 30. Nf2 Kd7 31. Re1 Nb5 32. Rh1 0-1

[Event "RSA-chT U18"]
[Site "Cape Town"]
[Date "2016.01.06"]
[Round "6.4"]
[White "Scott, Timothy John"]
[Black "King, Eduard Norman"]
[Result "1/2-1/2"]
[WhiteElo "1279"]
[BlackElo "1522"]
[PlyCount "52"]
[EventDate "2016.01.04"]
[EventType "team-tourn"]
[EventRounds "7"]
[EventCountry "RSA"]
[SourceTitle "CBM 170 Extra"]
[Source "ChessBase"]
[SourceDate "2016.02.25"]
[SourceVersion "1"]
[SourceVersionDate "2016.02.25"]
[SourceQuality "1"]
[WhiteTeam "Nelson Mandela Bay"]
[BlackTeam "Johannesburg Metro"]
[WhiteTeamCountry "RSA"]
[BlackTeamCountry "RSA"]

1. e4 c6 2. d4 d5 3. exd5 cxd5 4. Bd3 Nf6 5. Bf4 Nc6 6. c3 e6 7. Nf3 Be7 8. Nbd2 a6 9. Ne5 Nxe5 10. dxe5 Nd7 11. 0-0 Bg5 12. Bg3 Bxd2 13. Qxd2 0-0 14. Kh1 Re8 15. Bc2 b5 16. Qd3 Nf8 17. a4 Bd7 18. f4 Qc7 19. Bf2 Rac8 20. Bd4 Qc4 21. b3 Qxd3 22. Bxd3 Rc7 23. a5 Rec8 24. b4 Be8 25. f5 exf5 26. Rxf5 Ne6 1/2-1/2